Hindu Law (Record no. 6421)

MARC details
000 -LEADER
fixed length control field 00419nam a22001817a 4500
005 - DATE AND TIME OF LATEST TRANSACTION
control field 20210904112618.0
008 - FIXED-LENGTH DATA ELEMENTS--GENERAL INFORMATION
fixed length control field 200522b xxu||||| |||| 00| 0 eng d
020 ## - INTERNATIONAL STANDARD BOOK NUMBER
ISBN 9789386515179
041 ## - LANGUAGE CODE
Language code of text/sound track or separate title eng
082 ## - DEWEY DECIMAL CLASSIFICATION NUMBER
Classification number 340.52
100 ## - MAIN ENTRY--AUTHOR NAME
Personal name Mulla ,Sir Dinshaw Fardunji
245 ## - TITLE STATEMENT
Title Hindu Law
250 ## - EDITION STATEMENT
Edition statement 62'thed.
260 ## - PUBLICATION, DISTRIBUTION, ETC. (IMPRINT)
Place of publication Haryana
Name of publisher LexisNexis
300 ## - PHYSICAL DESCRIPTION
Number of Pages 1548,cc/xii
650 ## - SUBJECT ADDED ENTRY--TOPICAL TERM
Topical Term LAW
942 ## - ADDED ENTRY ELEMENTS (KOHA)
Koha item type Books
Holdings
Lost status Damaged status Collection code Home library Current library Shelving location Date acquired Source of acquisition Cost, normal purchase price Full call number Accession Number Koha item type
    Reference JRU Library JRU Library SHELF -1-B 03/06/2020 PURCHASE 2695.00 340.52 24344 Books